Central Library OPAC University of Rajshahi

Hegel : (Record no. 32081)

MARC details
000 -LEADER
fixed length control field 00776cam a22002531 4500
001 - CONTROL NUMBER
control field 32081
003 - CONTROL NUMBER IDENTIFIER
rucl marc code BD-RjUL
005 - DATE AND TIME OF LATEST TRANSACTION
control field 20211209051803.0
008 - FIXED-LENGTH DATA ELEMENTS--GENERAL INFORMATION
fixed length control field 140423t19641958nyu 000 0 eng
035 ## - SYSTEM CONTROL NUMBER
System control number (BD-RjUL)32170
System control number (OCoLC)656559
040 ## - CATALOGING SOURCE
Original cataloging agency DLC
Transcribing agency OClW
Modifying agency OCoLC
-- DLC
-- BD-RjUL
Language of cataloging eng
041 ## - LANGUAGE CODE
Language code of text/sound track or separate title eng
082 04 - DEWEY DECIMAL CLASSIFICATION NUMBER
Classification number 193
Author mark and year FIH 1964
100 1# - MAIN ENTRY--PERSONAL NAME
Personal name Findlay, J. N.
Fuller form of name (John Niemeyer),
Dates associated with a name 1903-
9 (RLIN) 97633
245 10 - TITLE STATEMENT
Title Hegel :
Statement of responsibility, etc. by J.N. Findlay.
Remainder of title a re-examination /
260 ## - PUBLICATION, DISTRIBUTION, ETC. (IMPRINT)
Place of publication, distribution, etc. New York :
Name of publisher, distributor, etc. Humanities Press,
Date of publication, distribution, etc. c1958 [Impression 1964].
300 ## - PHYSICAL DESCRIPTION
Pagination 372 p. ;
Size 23 cm.
600 10 - SUBJECT ADDED ENTRY--PERSONAL NAME
Personal name Hegel, Georg Wilhelm Friedrich,
Dates associated with a name 1770-1831.
942 ## - ADDED ENTRY ELEMENTS (KOHA)
Source of classification or shelving scheme Dewey Decimal Classification
Koha item type Books
Holdings
Lost status Source of classification or shelving scheme Damaged status Not for loan Permanent Location Current Location Shelving location Date acquired Source of acquisition Cost, normal purchase price Total Checkouts Full call number Date last seen Copy number Koha item type Collection code
  Dewey Decimal Classification     Central Library, University of Rajshahi Central Library, University of Rajshahi   03/09/1969 Zeitlinger 40.00   193 FIH 1964 23/04/2014 C-3 Books  
  Dewey Decimal Classification     Central Library, University of Rajshahi Central Library, University of Rajshahi   03/09/1969 Zeitlinger 40.00   193 FIH 1964 23/04/2014 C-2 Books Non-fiction
  Dewey Decimal Classification   Not For Loan Central Library, University of Rajshahi Central Library, University of Rajshahi Reading Room 03/09/1989 Zeitlinger 40.00   193 FIH 1964 01/12/2016 C-1 Books Non-fiction